Đánh giá các yếu tố ảnh hưởng đến việc áp dụng kỹ thuật tưới ngập khô xen kẽ trong sản xuất lúa tại Bac Liêu (Luận văn Tốt nghiệp Cao học. Chuyên ngành Quản lý Tài nguyên và Môi trường)

Uloženo v:
Podrobná bibliografie
Hlavní autor: Bành, Thúy An
Médium: Kniha
Jazyk:Undetermined
Vydáno: Cần Thơ Trường Đại học Cần Thơ 2014
Témata:
Tagy: Přidat tag
Žádné tagy, Buďte první, kdo otaguje tento záznam!
Thư viện lưu trữ: Trung tâm Học liệu Trường Đại học Cần Thơ
LEADER 00907nam a2200205Ia 4500
001 CTU_194993
008 210402s9999 xx 000 0 und d
082 |a 633.18 
082 |b A105 
088 |a 60850101 
100 |a Bành, Thúy An 
245 0 |a Đánh giá các yếu tố ảnh hưởng đến việc áp dụng kỹ thuật tưới ngập khô xen kẽ trong sản xuất lúa tại Bac Liêu 
245 0 |b (Luận văn Tốt nghiệp Cao học. Chuyên ngành Quản lý Tài nguyên và Môi trường) 
245 0 |c Bành Thúy An ; Ngô Đằng Phong (Người hướng dẫn khoa học) 
260 |a Cần Thơ 
260 |b Trường Đại học Cần Thơ 
260 |c 2014 
650 |a Kỹ thuật trồng lúa,Rice planting 
910 |a Nguyên 
980 |a Trung tâm Học liệu Trường Đại học Cần Thơ